000 00329nam a2200133Ia 4500
005 20251222144728.0
008 251222s9999||||xx |||||||||||||| ||spa||
020 _a978-9972-223-85-3
082 _a303.625/C38
100 _aCavassa, Ernesto
245 0 _aMirara con Ojos Nuevos:
264 _bFondo Editorial UARM
942 _cLIB
999 _c18493
_d18493